Cómo funciona nuestro cuerpo / (Registro nro. 8324)
[ vista simple ]
| 000 -LEADER | |
|---|---|
| fixed length control field | 00833nam a22002897a 4500 |
| 001 - CONTROL NUMBER | |
| control field | 0074 |
| 003 - CONTROL NUMBER IDENTIFIER | |
| control field | DO-SdBNP |
| 005 - DATE AND TIME OF LATEST TRANSACTION | |
| control field | 20171130105433.0 |
| 007 - PHYSICAL DESCRIPTION FIXED FIELD--GENERAL INFORMATION | |
| fixed length control field | 0074 |
| 008 - FIXED-LENGTH DATA ELEMENTS--GENERAL INFORMATION | |
| fixed length control field | 151005b sp 1990 00| 0 spa d |
| 020 ## - INTERNATIONAL STANDARD BOOK NUMBER | |
| International Standard Book Number | 9788476553794 |
| 040 ## - CATALOGING SOURCE | |
| Original cataloging agency | BPMSU |
| Language of cataloging | spa |
| Transcribing agency | BPMSU |
| 092 ## - LOCALLY ASSIGNED DEWEY CALL NUMBER (OCLC) | |
| Classification number | xxxxxx |
| Item number | xxxxx |
| 100 10 - MAIN ENTRY--PERSONAL NAME | |
| Personal name | Parker, Steve |
| 245 10 - TITLE STATEMENT | |
| Title | Cómo funciona nuestro cuerpo / |
| Statement of responsibility, etc. | Steve Parker; ilustaciones Giovanni Caselli, Guiliano Fornari |
| 250 ## - EDITION STATEMENT | |
| Edition statement | 3a ed. |
| 260 ## - PUBLICATION, DISTRIBUTION, ETC. (IMPRINT) | |
| Place of publication, distribution, etc. | España : |
| Name of publisher, distributor, etc. | Plaza joven, |
| Date of publication, distribution, etc. | 1990 |
| 300 ## - PHYSICAL DESCRIPTION | |
| Extent | 64 p. |
| Other physical details | il. : |
| Dimensions | 28 cm. |
| 490 10 - SERIES STATEMENT | |
| Series statement | Ventana al mundo |
| 501 ## - WITH NOTE | |
| With note | Incluye índice de nombres |
| 700 10 - ADDED ENTRY--PERSONAL NAME | |
| Personal name | Caselli, Giovanni, |
| Relator term | il. |
| 700 10 - ADDED ENTRY--PERSONAL NAME | |
| Personal name | Fornari, Guiliano, |
| Relator term | il. |
| 830 00 - SERIES ADDED ENTRY--UNIFORM TITLE | |
| Uniform title | Ventana al mundo |
| 942 ## - ADDED ENTRY ELEMENTS (KOHA) | |
| Source of classification or shelving scheme | Dewey Decimal Classification |
| Koha item type | Libros |
| 945 ## - LOCAL PROCESSING INFORMATION (OCLC) | |
| a | Inventariado extranjera / 2017 VM |
| 956 ## - LOCAL ELECTRONIC LOCATION AND ACCESS (OCLC) | |
| Host name | VMATEO |
| Access method | 10 |
| Access number | 20171201 |
| Compression information | BPMSU |
| Path | 0069 |
| Withdrawn status | Lost status | Source of classification or shelving scheme | Damaged status | Not for loan | Collection code | Home library | Current library | Date acquired | Source of acquisition | Total Checkouts | Barcode | Date last seen | Price effective from | Koha item type |
|---|---|---|---|---|---|---|---|---|---|---|---|---|---|---|
| Dewey Decimal Classification | Colección General | Biblioteca Pública Metropolitana Salomé Ureña | Biblioteca Pública Metropolitana Salomé Ureña | 10/05/2015 | Donación | BPMSU15100036 | 10/05/2015 | 10/05/2015 | Libros |